| 000 | 01135cab a2200253 4500 | ||
|---|---|---|---|
| 001 | ABS47058 | ||
| 008 | 090401t1992 xxu||||| |||| 00| 0 eng d | ||
| 035 | _a(Sirsi) u60633 | ||
| 041 | _aeng | ||
| 100 | _aOfori, G. | ||
| 245 | 4 | _aThe environment: the fourth construction project objective? | |
| 260 | _c1992 | ||
| 350 | _a0 | ||
| 490 |
_aConstruction Management & Economics _v10(5) 1992, 369-395(27) |
||
| 520 | _aReflecting society`s trend to environmental awareness, this article places environmental protection among the objectives of construction projects and reviews the range of legislation and guidance available to influence or promote it, through planning policies, building materials standards, construction and demolition practice. Accepting that the issue is peripheral at present, the article argues that it should become part of the industry`s prevailing ethos. | ||
| 650 | _aCIRIA | ||
| 650 | _aENVIRONMENTAL POLICY | ||
| 650 | _aPOLLUTION | ||
| 650 |
_aSustainability _96271 |
||
| 690 | _aENVIRONMENTAL AND LAND CONSULTANCY | ||
| 690 |
_aProject management _96261 |
||
| 942 | _n0 | ||
| 948 | _c04/03/1997 | ||
| 999 |
_c37440 _d37440 |
||